50 Personnalités francophones #7 - Statistiques

Statistiques générales
  • Ce quiz a été pris 121 fois
  • Le résultat moyen est 19 sur 50
Statistiques - réponses
Par images Réponse % Correct
Nagui
90%
Cyprien
86%
Cyril Féraud
81%
Jean-Pierre Foucault
81%
Jean-Pierre Pernaut
81%
Jean Lassalle
80%
Moundir
75%
Martin Fourcade
70%
François Cluzet
67%
Audrey Tautou
66%
Patricia Kaas
64%
Blanche Gardin
63%
Doigby
50%
Raphaël
50%
Loana
49%
Mike Horn
49%
Sandrine Quétier
49%
Marine
46%
Julian Alaphilippe
43%
Nathalie Baye
43%
Audrey Pulvar
40%
Jérôme Niel
40%
Michel Sarran
39%
Camille Muffat
37%
Amandine Petit
36%
Marion Bartoli
35%
Rama Yade
35%
Esteban Ocon
34%
Fary
33%
Bun Hay Mean
29%
Nathalie Marquay
29%
Louis Garrel
25%
Marion Rousse
20%
Yann Arthus-Bertrand
20%
Agathe Lecaron
17%
Damien Thévenot
17%
Nathalie Saint-Cricq
15%
Ambre Chalumeau
14%
Riad Sattouf
14%
Stéphanie Le Quellec
14%
Anaïs Demoustier
13%
Annie Ernaux
11%
Melvil Poupaud
11%
Maya Lauqué
10%
Yarol Poupaud
10%
Yoa
8%
Denis Ménochet
6%
Leila Kaddour-Boudadi
6%
Éric Larchevêque
5%
Constance Jablonski
2%
Aucun quiz correspondant
Distribution des résultats
% des personnes avec chaque résultat
Percentile par nombre de réponses
Votre historique - résultats
Vous n’avez pas pris ce quiz